| Tag |
First Indicator |
Second Indicator |
Subfields |
| LEADER |
00000cam a2200000 a 4500 |
| 001 |
in00001406788 |
| 005 |
20151020072930.0 |
| 008 |
920827s1993 mnuab j b 001 0 eng |
| 010 |
|
|
|a 92002453
|
| 020 |
|
|
|a 0822549158 :
|c $15.95
|
| 035 |
|
|
|a (OCoLC)26718978
|
| 035 |
|
|
|9 AHQ3744AM
|
| 040 |
|
|
|a DLC
|c DLC
|d UtOrBLW
|
| 043 |
|
|
|a e-pl---
|a e-fr---
|
| 049 |
|
|
|a TXAG
|
| 050 |
0 |
0 |
|a QD22.C8
|b P45 1993
|
| 082 |
0 |
0 |
|a 540/.92/2
|a B
|2 20
|
| 100 |
1 |
|
|a Pflaum, Rosalynd.
|
| 245 |
1 |
0 |
|a Marie Curie and her daughter Irène /
|c by Rosalynd Pflaum.
|
| 264 |
|
1 |
|a Minneapolis :
|b Lerner Publications,
|c [1993]
|
| 264 |
|
4 |
|c ©1993
|
| 300 |
|
|
|a 144 pages :
|b illustrations, map ;
|c 23 cm.
|
| 336 |
|
|
|a text
|b txt
|2 rdacontent
|
| 337 |
|
|
|a unmediated
|b n
|2 rdamedia
|
| 338 |
|
|
|a volume
|b nc
|2 rdacarrier
|
| 504 |
|
|
|a Includes bibliographical references (pages 140-141) and index.
|
| 520 |
|
|
|a Presents the life stories of Marie Curie, dicoverer of radium, polonium, and natural radiation, and her daughter Irene Joliot-Curie, discoverer of artificial radiation.
|
| 600 |
1 |
0 |
|a Curie, Marie,
|d 1867-1934
|x Juvenile literature.
|
| 600 |
1 |
0 |
|a Joliot-Curie, Irène,
|d 1897-1956
|x Juvenile literature.
|
| 650 |
|
0 |
|a Chemists
|z Poland
|v Biography
|v Juvenile literature.
|
| 650 |
|
0 |
|a Physicists
|z France
|v Biography
|x Juvenile literature.
|
| 600 |
1 |
1 |
|a Curie, Marie,
|d 1867-1934.
|
| 600 |
1 |
1 |
|a Joliot-Curie, Irène,
|d 1897-1956.
|
| 650 |
|
1 |
|a Chemists.
|
| 650 |
|
1 |
|a Physicists.
|
| 650 |
|
1 |
|a Women
|x Biography.
|
| 999 |
|
|
|a MARS
|
| 999 |
f |
f |
|s ec9ed75d-547a-32fc-bfdb-f5a18a495fa7
|i 951bbb38-3d8c-34f5-9ece-406c70f9723b
|t 0
|
| 952 |
f |
f |
|p normal
|a Texas A&M University
|b College Station
|c Sterling C. Evans Library
|d Evans: Curriculum Collection (4th floor)
|t 0
|e QD22.C8 P45 1993
|h Library of Congress classification
|i unmediated -- volume
|m A14822240607
|
| 998 |
f |
f |
|a QD22.C8 P45 1993
|t 0
|l Evans: Curriculum Collection (4th floor)
|